| 000 -LEADER |
| fixed length control field |
00419cam a22001217a 4500 |
| 008 - FIXED-LENGTH DATA ELEMENTS--GENERAL INFORMATION |
| fixed length control field |
180718b2017 xxu||||| |||| 00| 0 eng d |
| 082 ## - DEWEY DECIMAL CLASSIFICATION NUMBER |
| Classification number |
L906x5442 E |
| 100 ## - MAIN ENTRY--PERSONAL NAME |
| Personal name |
Government of Maharashtra |
| 245 ## - TITLE STATEMENT |
| Title |
Epitome of comptroller and auditor general of India's reports on the government of Maharashtra |
| 260 ## - PUBLICATION, DISTRIBUTION, ETC. |
| Place of publication, distribution, etc. |
Mumbai |
| Name of publisher, distributor, etc. |
Government of Maharasthra |
| Date of publication, distribution, etc. |
2017 |
| 300 ## - PHYSICAL DESCRIPTION |
| Extent |
53p. |
| 700 ## - ADDED ENTRY--PERSONAL NAME |
| Personal name |
Principal Accontant General (Audit) |